Statistiques concernant Vainqueurs de l'EVO sur Street Fighter

Cliquez ici pour prendre le quiz!

Statistiques générales

  • Ce quiz a été pris 5 fois
  • Le résultat moyen est 16 sur 30

Statistiques - réponses

annéespseudoJeu% Correct
2004DaigoSuper Street Fighter II Turbo
100%
2003DaigoSuper Street Fighter II Turbo
100%
2009Daigo / The BeastStreet Fighter IV
100%
2010Daigo / The BeastSuper Street Fighter IV
100%
2014LuffyUltra Street Fighter IV
100%
2023AngryBirdStreet Fighter VI
80%
2016InfiltrationStreet Fighter V
80%
2012InfiltrationSuper Street Fighter IV : Arcade Edition (ver. 2012)
80%
2017TokidoStreet Fighter V
80%
2007TokidoSuper Street Fighter II Turbo
80%
2019BonchanStreet Fighter V : Arcade Edition
60%
2011FuudoSuper Street Fighter IV : Arcade Edition
60%
2010 (F)KayaneSuper Street Fighter IV
60%
2018Problem-XStreet Fighter V : Arcade Edition
60%
2010Snake eyesSuper Street Fighter II Turbo : HD remix
60%
2013XianSuper Street Fighter IV : Arcade Edition (ver. 2012)
60%
2021iDOMStreet Fighter V : Arcade Edition
40%
2022KawanoStreet Fighter V : Arcade Edition
40%
2015MomochiUltra Street Fighter IV
40%
2008NukiStreet Fighter III 3rd Strike
40%
2007NukiStreet Fighter III 3rd Strike
40%
2005NukiStreet Fighter III 3rd Strike
40%
2002AfroColeSuper Street Fighter II Turbo
20%
2006A_wolfeHyper Street Fighter II: The Anniversary Edition
20%
2008ChoiboySuper Street Fighter II Turbo
20%
2004KOStreet Fighter III 3rd Strike
20%
2003KOStreet Fighter III 3rd Strike
20%
2006NittoStreet Fighter III 3rd Strike
20%
2009Afro LegendsSuper Street Fighter II Turbo : HD remix
0%
2005GianSuper Street Fighter II Turbo
0%

Distribution des résultats

Percentile par nombre de réponses

% des personnes avec chaque résultat

Votre développement - résultats

Vous n’avez pas pris ce quiz